[Event "Russian Championship G15 2016"]
[Site "Loo"]
[Date "2016.04.24"]
[Round "5.18"]
[White "Granovskaya, Ekaterina"]
[Black "Voskresenskaya, Marta"]
[Result "0-1"]
[WhiteElo "1602"]
[BlackElo "1751"]
[PlyCount "90"]
[EventDate "2016.04.20"]

1. e4 c5 2. Nf3 d6 3. d4 cxd4 4. Nxd4 Nf6 5. f3 Nc6 6. c4 e5 7. Nb3 Be7 8. Be3
O-O 9. Be2 a6 10. Nc3 Be6 11. O-O Rc8 12. Nd5 Bxd5 13. cxd5 Nb8 14. Rc1 Rxc1
15. Qxc1 Qd7 16. Qd2 Rc8 17. Rc1 Bd8 18. Bd3 Rxc1+ 19. Qxc1 Qc7 20. Qxc7 Bxc7
21. Nd2 Nbd7 22. b4 b5 23. Nb3 Kf8 24. h3 Nh5 25. Kf2 Nf4 26. Bf1 Ng6 27. g3
Ne7 28. f4 f6 29. h4 Nb6 30. Nd2 Na4 31. Kf3 Nc8 32. Bh3 Ncb6 33. Be6 Ke8 34.
Ke2 Kd8 35. g4 Nc3+ 36. Kd3 Nxa2 37. Nb3 Nc4 38. Bd2 Nxd2 39. Kxd2 Nxb4 40. Kc3
a5 41. f5 h6 42. h5 Na6 43. Kb2 Nc5 44. Nxc5 dxc5 45. Ka3 Bd6 0-1

[Event "Russian Championship G15 2016"]
[Site "Loo"]
[Date "2016.04.24"]
[Round "5.19"]
[White "Komleva, Ekaterina"]
[Black "Stroganova, Karina"]
[Result "0-1"]
[WhiteElo "1808"]
[BlackElo "1704"]
[PlyCount "112"]
[EventDate "2016.04.20"]

1. e4 e5 2. Nf3 Nc6 3. Bb5 Nge7 4. Nc3 g6 5. d4 exd4 6. Nxd4 Bg7 7. Be3 O-O 8.
Qd2 a6 9. Be2 b5 10. O-O-O Bb7 11. Nxc6 Nxc6 12. Bh6 Re8 13. Bxg7 Kxg7 14. f3
d6 15. h4 Re6 16. g4 Ne7 17. h5 Ng8 18. g5 c5 19. Nd5 Re5 20. Nf6 Nxf6 21.
gxf6+ Qxf6 22. hxg6 hxg6 23. Qh6+ Kg8 24. Rxd6 Qg5+ 25. Qxg5 Rxg5 26. c4 Rg2
27. Re1 Rf2 28. Rb6 Bc8 29. cxb5 axb5 30. Rxb5 Be6 31. a3 Rxe2 32. Rxe2 Bc4 33.
Rc2 Bxb5 34. Rxc5 Be2 35. Rc3 Rd8 36. Re3 Bb5 37. b3 g5 38. a4 Bc6 39. Kc2 Kg7
40. Kc3 Kf6 41. Kc4 Ke5 42. Kc5 Kf4 43. Rc3 Bd7 44. Kb4 Rb8+ 45. Ka3 Bh3 46.
Rc5 f6 47. Rc6 Rf8 48. Rc3 Bg2 49. b4 Bxf3 50. e5 fxe5 51. b5 g4 52. a5 g3 53.
a6 Be2 54. Ka4 g2 55. Rc1 Bf1 56. b6 g1=Q 0-1

[Event "Russian Championship G15 2016"]
[Site "Loo"]
[Date "2016.04.24"]
[Round "5.20"]
[White "Badzgaradze, Elena"]
[Black "Usacheva, Glafira"]
[Result "1/2-1/2"]
[WhiteElo "1692"]
[BlackElo "1808"]
[PlyCount "109"]
[EventDate "2016.04.20"]

1. d4 d5 2. Nf3 Nf6 3. c4 e6 4. Nbd2 Be7 5. g3 b6 6. Bg2 Bb7 7. O-O O-O 8. cxd5
exd5 9. b3 Nbd7 10. a4 c5 11. Ba3 Rc8 12. Rc1 Ne4 13. Rc2 Ndf6 14. Qc1 Nxd2 15.
Qxd2 Ne4 16. Qc1 Bd6 17. Rd1 Qf6 18. e3 Rc7 19. Qb2 Rfc8 20. Rdc1 Ba6 21. dxc5
Qxb2 22. Rxb2 bxc5 23. Nd2 Be5 24. Rbc2 Bd3 25. Bxe4 dxe4 26. Rxc5 Rxc5 27.
Rxc5 Rxc5 28. Bxc5 a6 29. f3 exf3 30. Nxf3 Bc3 31. b4 f6 32. Kf2 Kf7 33. Nd4
Bxd4 34. exd4 Ke6 35. Ke3 Bc2 36. b5 axb5 37. axb5 Ba4 38. b6 Bc6 39. Bf8 g6
40. Kf4 g5+ 41. Kg4 Kf7 42. Bc5 Kg6 43. h4 h5+ 44. Kh3 g4+ 45. Kh2 Kf5 46. Kg1
Ke4 47. Kf2 Kd3 48. Be7 f5 49. Bc5 Kd2 50. Bd6 Kd3 51. Be5 Kd2 52. Bf6 Bd5 53.
Be5 Bc6 54. Bf4+ Kd3 55. Be5 1/2-1/2

[Event "Russian Championship G15 2016"]
[Site "Loo"]
[Date "2016.04.24"]
[Round "5.22"]
[White "Bogdanova, Darya"]
[Black "Litvinova, Kseniya"]
[Result "1/2-1/2"]
[WhiteElo "1695"]
[BlackElo "1616"]
[PlyCount "118"]
[EventDate "2016.04.20"]

1. e4 e6 2. d4 d5 3. Nc3 Bb4 4. e5 b6 5. a3 Be7 6. Bb5+ Bd7 7. Qg4 g6 8. Nge2
h5 9. Qh3 Bg5 10. Bxd7+ Nxd7 11. Bxg5 Qxg5 12. Nb5 Qd8 13. Qc3 c5 14. Qf3 Nh6
15. Nd6+ Ke7 16. Qg3 Nf5 17. Qg5+ Kf8 18. Qxd8+ Rxd8 19. Nxf5 gxf5 20. c3 Ke7
21. Nf4 Rc8 22. Kd2 cxd4 23. cxd4 Rc4 24. Ne2 Rg8 25. g3 h4 26. Rac1 hxg3 27.
hxg3 Rgc8 28. Rxc4 Rxc4 29. Rc1 Rxc1 30. Kxc1 Kf8 31. Kd2 f6 32. exf6 Nxf6 33.
f3 Ke7 34. Nc3 Nh5 35. g4 fxg4 36. fxg4 Nf6 37. g5 Nh7 38. g6 Nf6 39. Ke3 Nd7
40. Nb5 Kf6 41. Nxa7 Kxg6 42. Kf4 Kf6 43. Nc6 Kg7 44. a4 Kf8 45. b4 Ke8 46. a5
bxa5 47. bxa5 Nf8 48. Ke5 Kd7 49. Nb4 Ng6+ 50. Kf6 Ne7 51. Ke5 Ng6+ 52. Kf6 Ne7
53. a6 Nc8 54. Nd3 Na7 55. Nb2 Nb5 56. Na4 Kc6 57. Nc5 Kb6 58. Kxe6 Nxd4+ 59.
Kxd5 Nb3 1/2-1/2

[Event "Russian Championship G15 2016"]
[Site "Loo"]
[Date "2016.04.24"]
[Round "5.23"]
[White "Strukova, Ksenia"]
[Black "Yakushina, Ekaterina"]
[Result "1/2-1/2"]
[WhiteElo "1822"]
[BlackElo "1637"]
[PlyCount "118"]
[EventDate "2016.04.20"]

1. e4 e6 2. d4 d5 3. Nd2 Be7 4. Ngf3 Nf6 5. e5 Nfd7 6. c3 c5 7. Bd3 b6 8. Qe2
a5 9. O-O Ba6 10. Re1 Bxd3 11. Qxd3 c4 12. Qc2 b5 13. b3 cxb3 14. axb3 Qc7 15.
Bb2 Nb6 16. Qd3 Qc6 17. Rec1 O-O 18. c4 bxc4 19. bxc4 dxc4 20. Nxc4 Nxc4 21.
Qxc4 Rc8 22. Qb3 Qd7 23. Rxc8+ Qxc8 24. Rc1 Qd7 25. d5 exd5 26. Qc3 Qd8 27. Nd4
h6 28. Qh3 Nd7 29. Nf5 Bg5 30. Rd1 Qb8 31. Nd6 Qxb2 32. Qxd7 Rf8 33. e6 Qe5 34.
Nxf7 Qe2 35. Qxd5 Bh4 36. Rf1 a4 37. Qd4 Qxe6 38. Qxh4 Rxf7 39. Qxa4 Qb6 40.
Qc4 Qa7 41. Qc8+ Rf8 42. Qe6+ Kh7 43. Qe4+ Kh8 44. Qe3 Qf7 45. f3 Re8 46. Qf2
Qe7 47. g3 Qb7 48. Qg2 Rf8 49. f4 Qb6+ 50. Qf2 Qc6 51. Qf3 Qc5+ 52. Kg2 Rb8 53.
Rf2 Rf8 54. Qe4 Qh5 55. Qf3 Qc5 56. Re2 Qf5 57. Qe4 Qg4 58. Qe6 Rf5 59. Qe8+
Kh7 1/2-1/2

[Event "Russian Championship G15 2016"]
[Site "Loo"]
[Date "2016.04.24"]
[Round "5.24"]
[White "Tukaeva, Aida"]
[Black "Beshukova, Alina"]
[Result "0-1"]
[WhiteElo "1572"]
[BlackElo "1716"]
[PlyCount "74"]
[EventDate "2016.04.20"]

1. e4 c5 2. Nf3 e6 3. c3 d5 4. exd5 Qxd5 5. d4 Nf6 6. Bg5 Be7 7. dxc5 Qxc5 8.
Be2 O-O 9. Bxf6 Bxf6 10. Qc2 Nc6 11. O-O b6 12. Nbd2 Bd8 13. Ne4 Qe7 14. Neg5
g6 15. Qa4 Bb7 16. Rfd1 a6 17. Rd2 Bc7 18. Rad1 Rfd8 19. Qh4 h5 20. g4 Rxd2 21.
Rxd2 Kg7 22. gxh5 gxh5 23. Qxh5 Rh8 24. Qg4 Kf8 25. Bd3 Ke8 26. Be4 f5 27.
Bxc6+ Bxc6 28. Qc4 Bxh2+ 29. Kf1 Bb5 30. Qxb5+ axb5 31. Re2 e5 32. Nxh2 Rxh2
33. Nf3 Rh1+ 34. Kg2 Qh7 35. Rxe5+ Kf8 36. Ng5 Qh2+ 37. Kf3 Qxe5 0-1

[Event "Russian Championship G15 2016"]
[Site "Loo"]
[Date "2016.04.24"]
[Round "5.26"]
[White "Grubova, Sofia"]
[Black "Krivonos, Kristina"]
[Result "0-1"]
[WhiteElo "1630"]
[BlackElo "1367"]
[PlyCount "110"]
[EventDate "2016.04.20"]

1. e4 c5 2. Nf3 d6 3. c3 g6 4. d4 cxd4 5. cxd4 Bg7 6. Nc3 Nf6 7. Bc4 O-O 8. O-O
Bg4 9. h3 Bxf3 10. Qxf3 Nc6 11. Be3 Rc8 12. Bb3 a6 13. Rad1 Na5 14. e5 Ne8 15.
Bd5 Nc7 16. exd6 Qxd6 17. Bf4 Qb6 18. Na4 Qb5 19. Nc3 Qb6 20. Qe3 e6 21. Na4
Qb4 22. Bxc7 Rxc7 23. Bb3 Nxb3 24. Qxb3 Qxb3 25. axb3 Rd8 26. Rc1 Rxc1 27. Rxc1
Bxd4 28. Kf1 b5 29. Nc3 Rc8 30. Ke1 b4 31. Ne2 Rxc1+ 32. Nxc1 Bxb2 33. Na2 a5
34. Kd2 Kf8 35. Kd3 Be5 36. Kc4 Bc7 37. Kb5 Ke7 38. Nc1 Kd6 39. Nd3 Kd5 40. Nb2
e5 41. Nc4 e4 42. Ne3+ Kd4 43. h4 f5 44. Ka4 f4 45. Nc2+ Kc3 46. Na1 Kb2 47.
Kb5 Kxa1 48. Kc5 e3 49. fxe3 fxe3 50. Kc6 e2 51. Kxc7 e1=Q 52. Kb6 Qc3 53. h5
Kb2 54. hxg6 hxg6 55. g4 Kxb3 0-1

[Event "Russian Championship G15 2016"]
[Site "Loo"]
[Date "2016.04.24"]
[Round "5.27"]
[White "Gomzina, Alisa"]
[Black "Reva, Liubov"]
[Result "0-1"]
[WhiteElo "1392"]
[BlackElo "1594"]
[PlyCount "152"]
[EventDate "2016.04.20"]

1. e4 c5 2. c3 Nc6 3. d4 cxd4 4. cxd4 e6 5. Nf3 Bb4+ 6. Bd2 Bxd2+ 7. Nbxd2 Nf6
8. Be2 O-O 9. O-O d5 10. exd5 Nxd5 11. Ne4 Qb6 12. Qd2 Rd8 13. Rfd1 Nde7 14.
Qg5 Ng6 15. b3 h6 16. Qe3 Nce7 17. Qc3 Bd7 18. Qc5 Nd5 19. a4 Rac8 20. Qxb6
Nxb6 21. Nd6 Rc7 22. Bb5 Bc8 23. Ne4 a6 24. Be2 Nf4 25. Bf1 Nbd5 26. g3 Nc3 27.
Nxc3 Rxc3 28. Ne5 Nd5 29. Bc4 Nc7 30. Kf1 b5 31. axb5 axb5 32. Nc6 Rd7 33. Na7
bxc4 34. Nxc8 cxb3 35. Rab1 Nb5 36. d5 Rxc8 37. Rxb3 Nc3 38. Rc1 Rdc7 39. d6
Rd7 40. Rbxc3 Rxc3 41. Rxc3 Rxd6 42. Ke2 Kh7 43. Rc7 Kg6 44. h4 Rd5 45. f4 e5
46. fxe5 Rxe5+ 47. Kf3 h5 48. Kf4 Rf5+ 49. Ke4 Rf1 50. Rc6+ Rf6 51. Rxf6+ Kxf6
52. Kf4 Kg6 53. Ke5 f6+ 54. Kf4 Kf7 55. Kf5 g6+ 56. Kf4 Kg7 57. Ke4 Kf7 58. Kf4
Ke6 59. Ke4 f5+ 60. Kf4 Kf6 61. Kf3 g5 62. Ke3 gxh4 63. gxh4 Ke5 64. Kf3 f4 65.
Kf2 Ke4 66. Ke2 f3+ 67. Kf2 Kf4 68. Kf1 Kg3 69. Kg1 Kxh4 70. Kf2 Kg4 71. Kf1 h4
72. Kg1 Kf4 73. Kh1 h3 74. Kg1 Ke3 75. Kf1 h2 76. Ke1 h1=Q# 0-1

[Event "Russian Championship G17 1st league 2016"]
[Site "Loo"]
[Date "2016.04.24"]
[Round "5.1"]
[White "Grekhneva, Yana"]
[Black "Fokina, Elina"]
[Result "0-1"]
[WhiteElo "1809"]
[BlackElo "1693"]
[PlyCount "52"]
[EventDate "2016.04.20"]

1. d4 Nf6 2. c4 e6 3. Nc3 Bb4 4. e3 b6 5. Nge2 Bb7 6. a3 Bxc3+ 7. Nxc3 O-O 8.
f3 d5 9. cxd5 exd5 10. Bd3 c5 11. dxc5 bxc5 12. Ne2 Nc6 13. O-O Qb6 14. b3 Rad8
15. Rb1 Ne5 16. Bf5 d4 17. exd4 cxd4 18. Nf4 d3+ 19. Rf2 Rfe8 20. Bb2 d2 21.
Ne2 Nxf3+ 22. gxf3 Bxf3 23. Kf1 Qe3 24. Bxf6 Bxe2+ 25. Rxe2 Qf3+ 26. Kg1 Rxe2
0-1

[Event "Russian Championship G17 1st league 2016"]
[Site "Loo"]
[Date "2016.04.24"]
[Round "5.2"]
[White "Pivina, Mariya"]
[Black "Vorobyova, Valeriya"]
[Result "1-0"]
[WhiteElo "1857"]
[BlackElo "1784"]
[PlyCount "43"]
[EventDate "2016.04.20"]

1. e4 c5 2. Nf3 d6 3. d4 cxd4 4. Nxd4 Nf6 5. Nc3 Nc6 6. Bg5 e6 7. Qd2 Be7 8.
O-O-O a6 9. f3 Nxd4 10. Qxd4 b5 11. g4 Qc7 12. Bxf6 gxf6 13. g5 e5 14. Nd5 Qa5
15. Qd3 Bd8 16. Nxf6+ Kf8 17. Qxd6+ Be7 18. Qc6 Rb8 19. Qe8+ Kg7 20. Qxe7 Be6
21. Nh5+ Kg6 22. Qf6+ 1-0

[Event "Russian Championship G17 1st league 2016"]
[Site "Loo"]
[Date "2016.04.24"]
[Round "5.3"]
[White "Logunova, Elizaveta"]
[Black "Tukaeva, Adelya"]
[Result "0-1"]
[WhiteElo "1731"]
[BlackElo "1854"]
[PlyCount "106"]
[EventDate "2016.04.20"]

1. d4 Nf6 2. Bf4 e6 3. e3 c5 4. c3 Nc6 5. Nd2 d5 6. Ngf3 Bd6 7. Bxd6 Qxd6 8.
Be2 O-O 9. O-O b6 10. Qc2 Bb7 11. Rfd1 Rac8 12. dxc5 Qxc5 13. e4 Ng4 14. Rf1
Qd6 15. Qa4 Qf4 16. Bd1 Nxh2 17. exd5 Qxa4 18. Bxa4 Nxf1 19. Nxf1 exd5 20. Rd1
Rfd8 21. Ne3 Ne7 22. Nd4 g6 23. f3 h5 24. Kf2 Kg7 25. Bb5 Kf6 26. Bd3 Nc6 27.
Nxc6 Rxc6 28. Nc2 Rh8 29. Nd4 Rcc8 30. a3 a6 31. Rh1 Ke5 32. Re1+ Kd6 33. Rh1
Rce8 34. Be2 b5 35. Bd3 Bc8 36. Rd1 h4 37. Rh1 Bd7 38. Bc2 a5 39. Bd3 Rb8 40.
Nc2 g5 41. Ne3 b4 42. axb4 axb4 43. c4 dxc4 44. Bxc4 Be6 45. Rd1+ Ke7 46. Bxe6
Kxe6 47. Ng4 Rbd8 48. Re1+ Kf5 49. Re5+ Kg6 50. Re2 Rhe8 51. Rc2 b3 52. Rc6+
Re6 53. Ne5+ Kf5 0-1

[Event "Russian Championship G17 1st league 2016"]
[Site "Loo"]
[Date "2016.04.24"]
[Round "5.4"]
[White "Hilova, Evelina"]
[Black "Shkalikova, Marina"]
[Result "1-0"]
[WhiteElo "1770"]
[BlackElo "1823"]
[PlyCount "73"]
[EventDate "2016.04.20"]

1. e4 d6 2. f4 Nf6 3. Nc3 e5 4. Nf3 Nbd7 5. d4 exd4 6. Qxd4 Nc5 7. Be3 Bg4 8.
O-O-O c6 9. e5 Nfd7 10. exd6 h5 11. Re1 Ne6 12. Qb4 Qb8 13. Ne4 Bf5 14. Nfg5
Rh6 15. Nxe6 fxe6 16. Ng3 Bxd6 17. Qc3 Kf8 18. Nxf5 exf5 19. Qd3 Rf6 20. g3 Qe8
21. Bh3 Qf7 22. Bd4 Nc5 23. Qe3 Re6 24. Qf3 Ne4 25. Rd1 Re7 26. c3 g6 27. Kb1
b5 28. Bf1 c5 29. Be5 Bxe5 30. fxe5 c4 31. Qf4 g5 32. Qe3 Rxe5 33. Bg2 Qe7 34.
Bxe4 Rxe4 35. Qf3 Kg7 36. Qxf5 a6 37. Rd7 1-0

[Event "Russian Championship G17 1st league 2016"]
[Site "Loo"]
[Date "2016.04.24"]
[Round "5.5"]
[White "Danilova, Rada"]
[Black "Polzunova, Anastasiya"]
[Result "0-1"]
[WhiteElo "1808"]
[BlackElo "1645"]
[PlyCount "86"]
[EventDate "2016.04.20"]

1. d4 e6 2. Nf3 b6 3. g3 Bb7 4. Bg2 f5 5. O-O Nf6 6. c4 Be7 7. Nc3 O-O 8. d5
Bb4 9. dxe6 Bxc3 10. bxc3 dxe6 11. Bf4 Nbd7 12. Nd4 Bxg2 13. Kxg2 Re8 14. Nb5
e5 15. Bg5 Qc8 16. Qc2 a6 17. Na3 Ne4 18. Be3 Qb7 19. f3 Nd6 20. Qa4 Nf6 21. c5
Nd5 22. Qb3 Kh8 23. Bf2 bxc5 24. c4 Qxb3 25. axb3 Nc3 26. Bxc5 Nxe2 27. Rfd1
Nb7 28. Be3 Nd4 29. Bxd4 exd4 30. Rxd4 Re2+ 31. Kh3 Nd6 32. Nb5 Nf7 33. f4 g5
34. g4 Rae8 35. Rd3 axb5 36. gxf5 bxc4 37. bxc4 gxf4 38. Rd7 R8e3+ 39. Kh4 Nd6
40. Ra8+ Re8 41. Ra7 Rg8 42. Kh3 Re3+ 43. Kh4 Nxf5+ 0-1

[Event "Russian Championship G17 1st league 2016"]
[Site "Loo"]
[Date "2016.04.24"]
[Round "5.6"]
[White "Zakarian, Diana"]
[Black "Kirakosyan, Kamilla"]
[Result "1-0"]
[WhiteElo "1625"]
[BlackElo "1769"]
[PlyCount "45"]
[EventDate "2016.04.20"]

1. e4 d5 2. exd5 Qxd5 3. Nc3 Qd6 4. d4 Nf6 5. Nf3 Bg4 6. Be2 e6 7. Be3 c6 8.
Qd2 Qc7 9. Bf4 Qa5 10. a3 Bb4 11. O-O Bxc3 12. Qxc3 Qxc3 13. bxc3 Nd5 14. Bd2
Nd7 15. c4 N5f6 16. Bf4 c5 17. c3 Ne4 18. Rfc1 O-O 19. h3 Bf5 20. Nh4 g5 21.
Nxf5 exf5 22. Bh2 Rfe8 23. Bd3 {запись неразбор~~ива} 1-0

[Event "Russian Championship G17 1st league 2016"]
[Site "Loo"]
[Date "2016.04.24"]
[Round "5.7"]
[White "Tsepilova, Serafima"]
[Black "Suvorova, Ksenia"]
[Result "1-0"]
[WhiteElo "1766"]
[BlackElo "1648"]
[PlyCount "49"]
[EventDate "2016.04.20"]

1. d4 Nf6 2. c4 c5 3. d5 b5 4. cxb5 a6 5. bxa6 g6 6. Nc3 Bxa6 7. e4 Bxf1 8.
Kxf1 d6 9. g3 Bg7 10. Kg2 O-O 11. Nf3 Nbd7 12. h3 Ra6 13. Qc2 Qa8 14. Bd2 Rb8
15. Rhb1 Ne8 16. a3 Nb6 17. Ra2 Na4 18. Ng1 Nxc3 19. Bxc3 Rbb6 20. Bxg7 Kxg7
21. b3 Qb7 22. Rab2 Nc7 23. b4 cxb4 24. Rxb4 Qa7 25. Qb2+ 1-0

[Event "Russian Championship G17 1st league 2016"]
[Site "Loo"]
[Date "2016.04.24"]
[Round "5.8"]
[White "Sumenkova, Elena"]
[Black "Kuznetsova, Darya"]
[Result "0-1"]
[WhiteElo "1645"]
[BlackElo "1989"]
[PlyCount "94"]
[EventDate "2016.04.20"]

1. Nf3 e6 2. c4 c5 3. Nc3 Nf6 4. d4 cxd4 5. Nxd4 Bb4 6. Qc2 O-O 7. a3 Bxc3+ 8.
Qxc3 d5 9. Bf4 Nc6 10. e3 Ne4 11. Nxc6 bxc6 12. Qc2 c5 13. f3 Nf6 14. Rd1 Qe7
15. Bd3 h6 16. O-O e5 17. Bg3 Bb7 18. cxd5 Nxd5 19. Bf2 Rac8 20. Be4 Rfd8 21.
Bf5 Rc7 22. Rd2 Nb6 23. Rfd1 Rxd2 24. Qxd2 g6 25. Bc2 Rd7 26. Qc3 Rxd1+ 27.
Bxd1 e4 28. f4 Qd6 29. Bc2 Qd5 30. Be1 Qc4 31. b3 Qe2 32. Qd2 Qxd2 33. Bxd2 f5
34. Kf2 Kf7 35. Bc3 Ba6 36. Bd1 h5 37. Be2 Bxe2 38. Kxe2 Ke6 39. Be5 c4 40. b4
Nd5 41. Kd2 a6 42. Bd4 Kd6 43. Bc5+ Kc6 44. Kc2 a5 45. Bd4 axb4 46. axb4 Kb5
47. Bc3 Nxe3+ 0-1

[Event "Russian Championship G17 1st league 2016"]
[Site "Loo"]
[Date "2016.04.24"]
[Round "5.11"]
[White "Samchenko, Serafima"]
[Black "Zhekotova, Darya"]
[Result "1-0"]
[WhiteElo "1706"]
[BlackElo "1543"]
[PlyCount "79"]
[EventDate "2016.04.20"]

1. e4 c5 2. Nc3 e6 3. f4 a6 4. Nf3 Nc6 5. a4 g6 6. Bc4 Bg7 7. O-O Nge7 8. Qe1
Qb6 9. f5 Nb4 10. Bb3 c4+ 11. Kh1 cxb3 12. Qh4 exf5 13. a5 Qf6 14. Qf4 Nxc2 15.
Ra4 O-O 16. e5 Qc6 17. Qh4 Nd5 18. Rc4 g5 19. Nxg5 Qh6 20. Nxd5 d6 21. Nf6+ Kh8
22. Nfxh7 Qxh4 23. Rxh4 Kg8 24. Nxf8 Kxf8 25. exd6 Bd7 26. d3 Re8 27. Nh7+ Kg8
28. Bg5 Re6 29. Be7 Bc6 30. Rc4 Bb5 31. Ng5 Bxc4 32. d7 Rxe7 33. d8=Q+ Bf8 34.
dxc4 Ne3 35. Re1 f6 36. Nf3 Kg7 37. Qd4 Re4 38. Qb6 Kg6 39. Rxe3 Rxc4 40. Ne5+
1-0

[Event "Russian Championship G17 1st league 2016"]
[Site "Loo"]
[Date "2016.04.24"]
[Round "5.12"]
[White "Dunaevskaya, Alisa"]
[Black "Averina, Vera"]
[Result "0-1"]
[WhiteElo "1558"]
[BlackElo "1697"]
[PlyCount "110"]
[EventDate "2016.04.20"]

1. d4 Nc6 2. Nf3 d6 3. c4 Bg4 4. Nc3 a6 5. e3 e5 6. d5 Nce7 7. e4 Nf6 8. Bd3
Ng6 9. g3 h6 10. Be3 Be7 11. h3 Bd7 12. Qe2 Qc8 13. Qf1 Nh7 14. O-O-O Ng5 15.
Nxg5 hxg5 16. g4 Nf4 17. Bc2 Qb8 18. Ne2 b5 19. Nxf4 gxf4 20. Bd2 Qb6 21. b4
bxc4 22. Qxc4 Bh4 23. f3 Bb5 24. Qb3 Bf2 25. Kb1 Bd4 26. Rc1 Rb8 27. a3 Bd7 28.
Ka2 Qa7 29. a4 c5 30. Qd3 cxb4 31. Bb3 a5 32. h4 Ke7 33. h5 f6 34. Rc2 Qb7 35.
Rhc1 Bc5 36. Rb2 Qb6 37. Rbc2 Rhc8 38. Rc4 Qd8 39. Be1 Qe8 40. Qd1 Qd8 41. Qd3
Rc7 42. Rb1 Ra7 43. Qd1 Qb6 44. Bd2 Qa6 45. Qc2 Raa8 46. Be1 Qa7 47. Rb2 Rc8
48. Qe2 Rab8 49. Qd1 Bd4 50. Rb1 Bxa4 51. Rxc8 Bxb3+ 52. Rxb3 Rxc8 53. Qb1 Qc5
54. Rd3 Qc1 55. Rd1 Qa3# 0-1

[Event "Russian Championship G17 1st league 2016"]
[Site "Loo"]
[Date "2016.04.24"]
[Round "5.13"]
[White "Petrova, Marija"]
[Black "Kolmychek, Evelina"]
[Result "0-1"]
[WhiteElo "1697"]
[BlackElo "2029"]
[PlyCount "70"]
[EventDate "2016.04.20"]

1. e4 e5 2. Nf3 Nc6 3. d4 exd4 4. Nxd4 Nf6 5. Nxc6 bxc6 6. Bd3 d5 7. e5 Ng4 8.
Bf4 Bc5 9. O-O g5 10. Bg3 h5 11. h3 h4 12. Bh2 Nxh2 13. Kxh2 f5 14. exf6 Qxf6
15. Nc3 Be6 16. Qf3 Bd6+ 17. Kg1 Qxf3 18. gxf3 Bxh3 19. Rfe1+ Kd7 20. Bf1 Bxf1
21. Kxf1 Raf8 22. Re3 d4 23. Rd3 dxc3 24. Rxc3 Rf4 25. Ke2 h3 26. Rh1 h2 27.
Kf1 g4 28. fxg4 Rxg4 29. Rd3 Ke6 30. Rd1 Rhg8 31. Ke2 Rg1 32. Rf1 a5 33. b3
Rxh1 34. Rxh1 Rg1 35. Rxg1 hxg1=Q 0-1

[Event "Russian Championship G17 1st league 2016"]
[Site "Loo"]
[Date "2016.04.24"]
[Round "5.14"]
[White "Demchenko, Alisa"]
[Black "Alekseeva, Nariya"]
[Result "1-0"]
[WhiteElo "1822"]
[BlackElo "1690"]
[PlyCount "91"]
[EventDate "2016.04.20"]

1. d4 Nf6 2. c4 g6 3. Nc3 d5 4. g3 c6 5. Bg2 dxc4 6. Nf3 Bg7 7. O-O O-O 8. h3
Nd5 9. e4 Nxc3 10. bxc3 c5 11. Qa4 cxd4 12. Rd1 e5 13. Qxc4 Be6 14. Qb5 Qc7 15.
cxd4 exd4 16. Nxd4 Bc4 17. Bf4 Bxb5 18. Bxc7 Ba4 19. Rd2 Na6 20. Bd6 Rfd8 21.
e5 Rd7 22. Rb1 Re8 23. Rxb7 Rxb7 24. Bxb7 Nb8 25. f4 Bd7 26. Kg2 Bf8 27. Bxf8
Kxf8 28. g4 Ba4 29. Kf3 Rd8 30. Ne6+ Ke7 31. Nxd8 Bd7 32. Rxd7+ Nxd7 33. Nc6+
Ke8 34. Nxa7 Nc5 35. Bc6+ Ke7 36. a4 f6 37. exf6+ Kxf6 38. a5 Ke6 39. Nb5 Ke7
40. Ke3 Kd8 41. Bd5 h6 42. Kd4 Nd7 43. a6 g5 44. f5 Nb6 45. a7 Kc8 46. f6 1-0

[Event "Russian Championship G17 1st league 2016"]
[Site "Loo"]
[Date "2016.04.24"]
[Round "5.15"]
[White "Guskova, Alina"]
[Black "Lanina, Evgenia"]
[Result "1-0"]
[WhiteElo "1831"]
[BlackElo "1499"]
[PlyCount "51"]
[EventDate "2016.04.20"]

1. d4 d5 2. c4 e6 3. Nc3 f5 4. Nf3 c6 5. e3 Nf6 6. Qc2 Bd6 7. Be2 O-O 8. b3 Ne4
9. O-O Nd7 10. a4 Qe7 11. Bb2 Rf6 12. Nxe4 fxe4 13. Ne5 Rh6 14. g3 Nxe5 15.
dxe5 Bc7 16. Ba3 Qg5 17. f4 exf3 18. Rxf3 Bd7 19. Raf1 g6 20. Bd1 Qxe5 21. Rf8+
Rxf8 22. Rxf8+ Kg7 23. Qf2 Rh5 24. Rg8+ Kh6 25. Qf8+ Kg5 26. Be7+ 1-0

[Event "Russian Championship G17 1st league 2016"]
[Site "Loo"]
[Date "2016.04.24"]
[Round "5.16"]
[White "Bezverhaya, Marina"]
[Black "Bagaeva, Maria"]
[Result "0-1"]
[WhiteElo "1604"]
[BlackElo "1490"]
[PlyCount "74"]
[EventDate "2016.04.20"]

1. e4 d5 2. exd5 Qxd5 3. Nc3 Qd6 4. Bc4 Nf6 5. d3 a6 6. h3 Nc6 7. Be3 Bf5 8.
Nge2 e6 9. Qd2 Be7 10. g4 Bg6 11. f4 h6 12. O-O-O O-O-O 13. Rhf1 Na5 14. Bb3
Nxb3+ 15. axb3 Qb4 16. Nb1 Nd5 17. Qxb4 Nxb4 18. Nbc3 Rd7 19. Ne4 Bxe4 20. dxe4
Rhd8 21. Bd4 e5 22. c3 exd4 23. cxb4 Bxb4 24. Rd3 c5 25. Ng3 b5 26. e5 c4 27.
bxc4 bxc4 28. Rdd1 d3 29. Ne4 Rc7 30. Nc3 Bxc3 31. bxc3 Rb7 32. Rd2 Rb3 33. Rb2
Rxc3+ 34. Kd2 Ra3 35. Rc1 Rd4 36. Rc3 Rxc3 37. Kxc3 Rxf4 0-1

[Event "Russian Championship G17 1st league 2016"]
[Site "Loo"]
[Date "2016.04.24"]
[Round "5.17"]
[White "Shovunova, Maryana"]
[Black "Ivanets, Anastasiya"]
[Result "1/2-1/2"]
[WhiteElo "1571"]
[BlackElo "1472"]
[PlyCount "96"]
[EventDate "2016.04.20"]

1. e4 c5 2. Nf3 Nc6 3. d4 cxd4 4. Nxd4 e5 5. Nf3 Nf6 6. Nc3 Bb4 7. Bd3 d5 8.
exd5 Nxd5 9. Bd2 Nxc3 10. Bxc3 Bxc3+ 11. bxc3 O-O 12. O-O Rb8 13. h3 Be6 14.
Qe2 Qa5 15. Ng5 g6 16. Nxe6 fxe6 17. Qg4 Rf6 18. c4 Nd4 19. f4 exf4 20. Rxf4
Rxf4 21. Qxf4 e5 22. Qe4 b6 23. Re1 Re8 24. Qd5+ Qxd5 25. cxd5 Nf5 26. Bxf5
gxf5 27. Kf2 Kf7 28. Kf3 b5 29. g4 Kf6 30. gxf5 Rc8 31. Re2 Kxf5 32. Rd2 Rc7
33. Rf2 e4+ 34. Ke3+ Ke5 35. Rd2 Rc3+ 36. Ke2 Rxh3 37. Kf1 Rh6 38. Kg1 a5 39.
c3 Rg6+ 40. Kf1 h5 41. Rh2 Rg5 42. Rb2 Kd6 43. Rxb5 Rxd5 44. Rb6+ Ke5 45. Rh6
Kf4 46. Ke2 Re5 47. Rh8 Rg5 48. Rf8+ Rf5 1/2-1/2

[Event "Russian Championship G17 2016"]
[Site "Loo"]
[Date "2016.04.24"]
[Round "5.1"]
[White "Shuvalova, Polina"]
[Black "Gorovenko, Darya"]
[Result "1-0"]
[WhiteElo "2196"]
[BlackElo "2082"]
[PlyCount "55"]
[EventDate "2016.04.20"]

1. e4 c5 2. Nf3 e6 3. d4 cxd4 4. Nxd4 a6 5. Nc3 Nc6 6. Nxc6 bxc6 7. Bd3 d5 8.
O-O Bc5 9. e5 Qc7 10. Re1 Ne7 11. Na4 Ba7 12. Qg4 O-O 13. Bf4 c5 14. c4 dxc4
15. Be4 Bb7 16. Nc3 Rfd8 17. Be3 Nd5 18. Bh6 g6 19. Qh4 f5 20. exf6 Bb8 21.
Bxd5 Bxd5 22. Nxd5 Rxd5 23. Rxe6 Qd7 24. f7+ Qxf7 25. Rf6 Bxh2+ 26. Kxh2 Rh5
27. Qxh5 Qxf6 28. Qd5+ 1-0

[Event "Russian Championship G17 2016"]
[Site "Loo"]
[Date "2016.04.24"]
[Round "5.2"]
[White "Protopopova, Anastasiya"]
[Black "Mylnikova, Olga"]
[Result "1-0"]
[WhiteElo "2188"]
[BlackElo "2194"]
[PlyCount "83"]
[EventDate "2016.04.20"]

1. d4 d5 2. Nf3 Nf6 3. c4 c6 4. e3 e6 5. b3 Nbd7 6. Bb2 Bd6 7. Nbd2 b6 8. Bd3
Bb7 9. O-O O-O 10. Ne5 c5 11. cxd5 exd5 12. f4 cxd4 13. exd4 Ne4 14. Nxe4 dxe4
15. Bc4 Nf6 16. Qe2 Rc8 17. Rad1 Rc7 18. d5 Qc8 19. Kh1 a6 20. a4 b5 21. axb5
axb5 22. Bxb5 Rc2 23. Rd2 Rxd2 24. Qxd2 Bxe5 25. fxe5 Nxd5 26. Bc4 Nb6 27. Be2
Qe6 28. Qe3 Bd5 29. h3 Nc8 30. b4 Ne7 31. Bg4 Qa6 32. Rd1 Qb5 33. Bd4 Re8 34.
Bc5 Bc6 35. Be2 Qb7 36. b5 Bd7 37. Qd4 Be6 38. Qd8 Kf8 39. b6 g6 40. Qc7 Qxc7
41. bxc7 Bc8 42. Bb5 1-0